000 00846nam a22002297a 4500
999 _c13718
_d13718
003 AR-CdUCM
008 190416b ||||| |||| 00| 0 spa d
040 _aMUNICIPALIDAD PROVINCIAL DEL CUSCO
_cBIBLIOTECA MUNICIPAL DEL CUSCO
082 _aC / 373.3 /
_bC21
100 _aCallo O., José Gabriel
_932224
245 _aManual de metodologías especiales /
260 _aCusco :
_bLa económica,
_c1942.
300 _a132 páginas ;
_c21.5 cm.
505 _aContenido: Introducción a la metodología -- Metodologías de preceptiva literaria y gramática -- Metodologías de historias y geografía...
650 _aEducación
_9460
650 _aMetodología especial
_932225
700 _aMurguía, Elvira
_932226
700 _aTejada, Hernán
_932227
700 _aFlórez, Hugo
_932228
942 _2ddc
_cLIBROS
945 _aacv
_d2019-04-16